00726nam a2200229 a 450000100060000000300080000600500170001400800410003103500190007204000350009104100080012608200250013410000180015924500550017726000460023230000340027849000440031250400530035665000230040965000200043283000440045272847BD-RjUL20211209082321.0170524s1957 enka b 001 0 eng d a(BD-RjUL)73065 dBD-RjULbengaBD-RjULcBD-RjUL aeng a535.84223bSES 19571 aSeries, G. W.14aThe spectrum of atomic hydrogen /cby G.W. Series. aLondon :bOxford University Press,c1957. aviii, 87 p. :bill. ;c22 cm. aOxford library of the physical sciences aIncludes bibliographical references and indexes. 0aHydrogenxSpectra. 0aQuantum theory. 0aOxford library of the physical sciences